| Tag |
First Indicator |
Second Indicator |
Subfields |
| LEADER |
00000cam a2200000 a 4500 |
| 001 |
in00000071361 |
| 005 |
20151008062201.0 |
| 008 |
750318m19769999nyua b 00110 engm |
| 010 |
|
|
|a 75008794
|
| 020 |
|
|
|a 0841902046
|
| 035 |
|
|
|a (OCoLC)01288298
|
| 035 |
|
|
|9 AAJ9691AM
|
| 040 |
|
|
|a DLC
|c DLC
|d TXA
|d UtOrBLW
|
| 041 |
1 |
|
|a eng
|a por
|
| 043 |
|
|
|a f-ao---
|
| 049 |
|
|
|a TXAM
|v 1 [1415320]
|v 2 [1113261]
|v 3 [1501914]
|
| 050 |
1 |
0 |
|a GN655 A5
|b E8213
|
| 082 |
0 |
|
|a 301.29/67/3
|
| 100 |
1 |
|
|a Estermann, Carlos,
|d 1896-1976.
|
| 240 |
1 |
0 |
|a Etnografia do sudoeste de Angola. English
|
| 245 |
1 |
4 |
|a The ethnography of southwestern Angola /
|c by Carlos Estermann ; edited by Gordon D. Gibson.
|
| 264 |
|
1 |
|a New York :
|b Africana Pub. Co.,
|c 1976-
|
| 300 |
|
|
|a volumes :
|b illustrations ;
|c 24 cm.
|
| 336 |
|
|
|a text
|b txt
|2 rdacontent
|
| 337 |
|
|
|a unmediated
|b n
|2 rdamedia
|
| 338 |
|
|
|a volume
|b nc
|2 rdacarrier
|
| 500 |
|
|
|a Translation of Etnografia do sudoeste de Angola.
|
| 500 |
|
|
|a Includes index.
|
| 504 |
|
|
|a Bibliography: volume 1, pages 215-217.
|
| 505 |
0 |
|
|a v. 1. The non-Bantu peoples. The Ambo ethnic group -- v. 2. The Nyaneka-Nkumbi ethnic group -- v. 3. The Herero people.
|
| 650 |
|
0 |
|a Ethnology
|z Angola.
|
| 999 |
|
|
|a MARS
|
| 999 |
f |
f |
|s 59fef0df-216e-3ab0-973d-f7989473d376
|i fd32c49b-6f66-31b8-b83f-3725b0a6bc4f
|t 0
|
| 952 |
f |
f |
|p ric
|a Texas A&M University
|b Rellis Campus
|c Joint Library Facility
|d Remote Storage
|t 0
|e GN655 A5 E8213
|h Library of Congress classification
|i unmediated -- volume
|k v.2
|m A14802430957
|
| 952 |
f |
f |
|p ric
|a Texas A&M University
|b Rellis Campus
|c Joint Library Facility
|d Remote Storage
|t 0
|e GN655 A5 E8213
|h Library of Congress classification
|i unmediated -- volume
|k v.3
|m A14806114553
|
| 952 |
f |
f |
|p ric
|a Texas A&M University
|b Rellis Campus
|c Joint Library Facility
|d Remote Storage
|t 0
|e GN655 A5 E8213
|h Library of Congress classification
|i unmediated -- volume
|k v.1
|m A14802430949
|
| 998 |
f |
f |
|a GN655 A5 E8213
|s v.1-v.3
|t 0
|l Remote Storage
|